|
|
|
|
| LEADER |
00000cas a2200000 4500 |
| 001 |
994600283406676 |
| 003 |
National Library of Medicine |
| 005 |
20251012224128.0 |
| 008 |
750509d19621963enkuu 0||| 0eng |
| 022 |
|
|
|a 0516-4990
|l 0516-4990
|
| 035 |
|
|
|a (OCoLC)01439091
|
| 035 |
|
|
|a (DNLM)W06260000(s)
|z (DNLM)A20130000(s)
|
| 040 |
|
|
|a DNLM
|c DNLM
|
| 041 |
0 |
|
|a eng
|
| 060 |
0 |
0 |
|a W1
|b WI677
|
| 245 |
0 |
0 |
|a Winter talks.
|
| 260 |
|
|
|a London.
|
| 362 |
0 |
|
|a 1962/63-
|
| 362 |
1 |
|
|a Ceased in 1963.
|
| 550 |
|
|
|a Issued by the Albany Trust.
|
| 710 |
2 |
|
|a Albany Trust.
|
| 942 |
|
|
|2 ddc
|c CR
|
| 952 |
|
|
|0 0
|1 0
|2 ddc
|4 0
|7 0
|9 7143
|a MI
|b MI
|d 1988-02-18
|i 840
|l 0
|p CDOM840
|r 2025-07-13 16:28:00
|w 2025-07-13
|x OLIVARI
|y CR
|
| 999 |
|
|
|c 8098
|d 8098
|